Entry Personal Name
Number of records used in: 4
001 - CONTROL NUMBER
003 - CONTROL NUMBER IDENTIFIER
005 - DATE AND TIME OF LATEST TRANSACTION
- control field:
20260417103728.0
008 - FIXED-LENGTH DATA ELEMENTS
- fixed length control field:
260417|| aca||aabn | a|a d
040 ## - CATALOGING SOURCE
- Original cataloging agency:
JRU
- Transcribing agency:
JRU
100 ## - HEADING--PERSONAL NAME
- Personal name:
BHUSHAN SARIKA
670 ## - SOURCE DATA FOUND
- Source citation:
Work cat.: (JRU)9114: BHUSHAN SARIKA, THODA- THODA AADMI: Choti choti kavitaein , 2025